[Event "CZE-chT3A Middle 0506  "]
[Site "Czech Republic"]
[Date "2006.03.05"]
[Round "9.5"]
[White "Netusil, Jaroslav"]
[Black "Nipca, Miroslav"]
[Result "1/2-1/2"]
[WhiteElo "2046"]
[BlackElo "1950"]
[PlyCount "46"]
[EventDate "2005.10.30"]
[EventType "team"]
[EventRounds "11"]
[EventCountry "CZE"]
[SourceTitle "EXT 2009"]
[Source "ChessBase"]
[SourceDate "2008.11.26"]
[SourceVersion "1"]
[SourceVersionDate "2008.11.26"]
[SourceQuality "1"]

1. e4 d6 2. d4 Nf6 3. Nc3 c6 4. Be3 Qa5 5. Qd2 Nbd7 6. f3 e5 7. Bc4 Be7 8. Nge2 0-0 9. 0-0 Qc7 10. a3 b5 11. Ba2 a5 12. b4 Bb7 13. d5 cxd5 14. Nxb5 Qb8 15. exd5 axb4 16. Qxb4 Bxd5 17. c4 Be6 18. a4 Rc8 19. a5 Kf8 20. Qa4 Ra6 21. f4 Ne4 22. f5 Ndc5 23. Qc2 Bd7 1/2-1/2